Statistics for Linkin Park - Breaking the Habit

Click here to take the quiz!

General Stats

  • This quiz has been taken 372 times
  • The average score is 34 of 40

Answer Stats

HintAnswer% Correct
I'm _____ ___ _____ tonightbreaking the habit
96%
So I'm _____ ___ _____breaking the habit
96%
I'm _____ ___ _____breaking the habit
96%
So I'm _____ ___ _____breaking the habit
96%
I'm _____ ___ _____ tonightbreaking the habit
96%
So I'm _____ ___ _____breaking the habit
96%
I'm _____ ___ _____ tonightbreaking the habit
96%
I'll never ____ againfight
95%
I don't know what's worth _____ forfighting
95%
I don't know what's worth _____ forfighting
95%
I don't know what's worth _____ forfighting
95%
And say what I ___ _____don't mean
94%
And say what I ___ _____don't mean
94%
Or why I have to _____scream
93%
Or why I have to _____scream
93%
Or why I have to _____scream
93%
Like _____ the woundopening
92%
'Cause inside I realise that I'm the ___ _____one confused
91%
'Cause inside I realise that I'm the ___ _____one confused
91%
I'm safe here in __ _____my room
88%
And this is how it _____ends
87%
I don't know why I _____instigate
87%
I don't know why I _____instigate
87%
I try to catch ___ _____ againmy breath
87%
You all _____assume
86%
_____ consumeMemories
86%
Unless I try __ _____ againto start
86%
I don't know how I got this way, I know ___ ___ _____it's not alright
83%
I don't want to be the one ___ _____ always choosethe battles
83%
I don't want to be the one ___ _____ always choosethe battles
83%
I'll _____ it on the wallspaint
80%
I don't know how I got this way, ___ ____ ___ _____I'll never be alright
75%
I don't know how I got this way, ___ ____ ___ _____I'll never be alright
75%
But now I ____ ____ _____have some clarity
72%
I had ___ _____ left againno options
69%
To ____ ____ _____ __ _____show you what I mean
69%
'Cause I'm the one at _____fault
68%
I'm _____ me apart againpicking
67%
I _____ much more, than anytime beforehurt
63%
_____ my cure, I tightly lock the doorClutching
62%

Score Distribution

Percentile by Number Answered

Percent of People with Each Score

Your Score History

You have not taken this quiz